000 00527nam a2200193 4500
001 121468
003 ES-MaACL
005 20230906191745.0
007 t|
008 070214s1962 sp r ||||1| cat d
100 1 _aPorcel, Baltasar.
_993114
245 1 3 _aLa simbomba fosca
_b: tragicomedia /
_cBaltasar Porcel.
260 _aPalma de Mallorca :
_bMoll,
_c1962.
300 _a100 p. ;
_c16 cm.
490 1 _a" De Raixa`
830 0 _a" De Raixa`
_9186512
852 _aES-MaACL
_jC-22306
_bR.50751
999 _c121468
_d121468